[Event "AUT-chT 9697"]
[Site "Austria"]
[Date "1996.??.??"]
[Round "11"]
[White "Ribli, Zoltan"]
[Black "Donev, Ivo Hristov"]
[Result "1/2-1/2"]
[WhiteElo "2585"]
[BlackElo "2420"]
[Annotator "Donev,I"]
[PlyCount "106"]
[EventDate "1996.??.??"]
[EventType "team"]
[EventRounds "11"]
[EventCountry "AUT"]
[SourceTitle "CBM 057 Extra"]
[Source "ChessBase"]
[SourceDate "1997.05.01"]
[SourceVersion "1"]
[SourceVersionDate "1997.05.01"]
[SourceQuality "1"]

1. c4 e6 2. g3 d5 3. Bg2 Nf6 4. Nf3 Be7 5. O-O O-O 6. d4 dxc4 7. Qc2 a6 8. a4
Bd7 9. Qxc4 Bc6 10. Bg5 Bd5 11. Qc2 Be4 12. Qd1 c5 13. Nbd2 (13. Nc3 Bxf3 14.
Bxf3 cxd4 15. Ne4 (15. Bxb7 Ra7 $1 $19) 15... Nc6 $17) 13... Bc6 (13... Bd5)
14. dxc5 Bxc5 {[%cal Yd2b3,Yb3a5]} 15. Nb3 Be7 16. Qxd8 Rxd8 17. Na5 {Die Idee
des Springermarsches Nb1-d2-b3-a5 ist es, Druck auf den Bauern b7 auszuüben.}
Bd5 {Auf keinen Fall darf der Nachziehende den weißfeldrigen Läufer für den
Na5 abtauschen.Wenn er tauschen will,dann nur gegen seinen starken Widersacher
Bg2.} (17... Be4) (17... Bb4 18. Nxc6 Nxc6 19. Rfd1 $14) 18. Ne5 $1 {Das Ziel
dieses Zuges ist es, weiter Druck auf den schwachen Bauern b7 auszuüben und
gleichzeitig den starken Punkt e5 zu besetzen.} Bxg2 19. Kxg2 {Weiß droht
erneut, den schwachen b7-Bauern zu erobern.Was soll Schwarz unternehmen?} Nbd7
$1 (19... Rd5 20. Nac4 {[%csl Yb6]} Bc5 (20... Nbd7 21. Bxf6 (21. Nxd7 Rxg5)
21... Nxf6 22. Nb6 Rxe5 23. Nxa8 $16)) (19... b6 $6 20. Nac6 Nxc6 21. Nxc6 Rd7
22. Nxe7+ Rxe7 23. Rac1 $14) 20. Nd3 h6 $1 {An diesem Zug hängt die ganze
schwarze Verteidigung. Zum einen macht der Nachziehende sich ein Luftloch für
seinen König, zum anderen zwingt er den aktiven gegnerischen Läufer sich zum
Tausch zu entscheiden oder nicht.} (20... Rdc8 21. Nxb7 Rab8 22. Na5 Bd8 23. b4
Bxa5 24. bxa5 $16) 21. Bf4 (21. Bxf6 Bxf6 22. Nxb7 Rdb8 23. Na5 Bxb2 $11) 21...
g5 22. Nxb7 (22. Bd2 Ne4 23. Be3 Nd6) (22. Be3 $5 Rdb8 (22... Nd5 23. Nxb7 Rdb8
24. Na5 $16) 23. Rfc1 Nd5 $13) 22... gxf4 23. Nxd8 Rxd8 24. gxf4 a5 $1 $15 {
Vermeidet die Bildung eines entfernten Freibauern am Damenflügel und sichert
das Feld b4 für eine der Leichtfiguren.} (24... Nc5 25. Ne5 Rd2 26. b4 $1) 25.
Rac1 Nb6 26. Rc7 Rd7 (26... Nfd5 27. Ra7 Nxa4 28. Rxa5 $14) 27. Rxd7 Nfxd7 28.
b3 Nc5 29. Ne5 Nd5 $1 30. Nc6 (30. Rb1 Nb4 $11 (30... Nxf4+ 31. Kf3 Nd5 32. Nc6
Bd6 33. Nxa5 $14)) 30... Nxb3 31. Nxe7+ {Jetzt erst hat Weiß bemerkt, daß das
ursprünglich geplante 31.e4 nicht möglich ist, weil Schwarz den angegriffenen
Springer in allen Varianten rettet.} (31. e4 Nxf4+ 32. Kg3 (32. Kf3 Nd2+ 33.
Kxf4 Bg5+ 34. Ke5 Nxf1 $19) 32... Ne2+ 33. Kf3 Ned4+ 34. Nxd4 Nxd4+ $17) 31...
Nxe7 32. Rb1 {Jetzt stellt sich die schwierige Entscheidung, ob der Randbauer
behalten werden soll oder nicht.} Nd4 (32... Nc5 33. Rb5 Nxa4 34. Rxa5 Nc3 35.
e3 $15) (32... Nc5 33. Rb5 Nxa4 34. Rxa5 Nc3 $15) 33. e3 Ndc6 34. Rb5 f5 35.
Kf3 Kf7 36. Ke2 Kg6 37. Kd3 Kh5 38. Rb7 Kg4 39. Rd7 e5 $1 40. Rd6 $1 {Der
kritische Moment des Endspiels.Der Nachziehende hat mehrere interessante
Fortsetzungen.Leider habe ich für den letzten Zug vor der Zeitkontrolle nur
mehr 1 Minute gehabt.Darum habe ich meinen 40. Zug gefühlsmäßig ausgeführt.} h5
(40... e4+ 41. Ke2 h5 42. Rh6 h4 43. Re6 $1 {Bindet beide Springer.} (43. Kf1
Kh3 $13) 43... Kh3 44. f3 exf3+ 45. Kxf3 Kxh2 46. Rd6 $3 $11 (46. Kf2 Kh3 47.
Kf3 $11)) (40... exf4 {Die chancenreichste Fortsetzung.} 41. Rxh6 Kf3 (41...
Ne5+) 42. exf4 Kxf2 43. h4 Kg3 44. Rh7 $13) (40... Kf3 41. fxe5 (41. Rxh6 e4+ (
41... Kxf2 42. h4) 42. Kd2 Kxf2 43. Re6 $1 $16) 41... Nxe5+ 42. Kd4 N5c6+ 43.
Kc5 Kxf2 44. Re6 h5 45. Rh6 $11 {Und remis wie in der Partie.}) 41. fxe5 Nxe5+
42. Kd4 N5c6+ (42... Nf3+ 43. Kc5 Nxh2 44. Re6 $1 {Und der Springer geht
verloren.}) 43. Kc5 Kf3 44. Rh6 Kxf2 45. Rxh5 Kxe3 {Es scheint, daß Schwarz
großen Vorteil bekommen hat,aber schon der nächste gegnerische Zug zerstört
die schwarzen Träume.} 46. Rxf5 $1 {Erzwingt remis.} Nxf5 47. Kxc6 Kd4 48. Kb5
Nh4 49. Kxa5 Kc5 50. Ka6 Kc6 51. Ka5 Kc5 52. Ka6 Kc6 53. Ka5 Kc5 1/2-1/2

[Event "AUT-chT"]
[Site "Austria"]
[Date "1994.??.??"]
[Round "?"]
[White "Hoelzl, Franz"]
[Black "Donev, Ivo Hristov"]
[Result "1/2-1/2"]
[WhiteElo "2390"]
[BlackElo "2410"]
[Annotator "Donev,I"]
[PlyCount "55"]
[EventDate "1994.??.??"]
[EventType "team"]
[EventRounds "11"]
[EventCountry "AUT"]
[SourceTitle "CBM 038"]
[Source "ChessBase"]
[SourceDate "1994.02.01"]
[SourceVersion "1"]
[SourceVersionDate "1994.02.01"]
[SourceQuality "1"]

1. c4 e6 2. Nf3 d5 3. g3 Nf6 4. Bg2 Be7 5. O-O O-O 6. d4 dxc4 7. Qc2 a6 8. a4
c5 9. dxc5 Nc6 10. Na3 Bxc5 11. Nxc4 Qe7 12. Bf4 Nd5 (12... Bd7 $5 13. Rfd1 Nb4
$13 {/\ Bc6}) 13. Rac1 $146 (13. Bd2 Ndb4 14. Qb3 a5 {Kamsky,G-Speelman,J
Linares 1991 inf 51/(108)}) 13... Ncb4 14. Qb1 f6 (14... Bd7 $5 15. b3 Nxf4 16.
gxf4 f6 $10 {/\ Bc6}) 15. Bd2 b5 $1 16. axb5 axb5 17. Na3 Bd7 $10 18. e4 Nb6 $8
(18... Nc7 $2 19. Bxb4 $18) 19. e5 N4d5 20. exf6 gxf6 21. Nc2 {/\ Ncd4} e5 22.
Bh6 Rfd8 (22... Bf5 23. Nh4 Bd3 24. Rfd1 $13) 23. Nh4 Be6 24. Kh1 (24. b4 $2
Nc3 $19) 24... Rac8 25. Rce1 (25. f4 Ne3 26. Nxe3 Bxe3 27. Rxc8 Rxc8 $13) 25...
Nc4 26. Bc1 (26. f4 Nd2 $19) 26... b4 $1 {/\ b3} 27. Na1 Qa7 28. Re2 $15
1/2-1/2

[Event "Landesliga Nord 9798"]
[Site "Bayern"]
[Date "1997.02.01"]
[Round "5"]
[White "Jirovsky, Pavel"]
[Black "Donev, Ivo Hristov"]
[Result "1/2-1/2"]
[WhiteElo "2395"]
[BlackElo "2420"]
[Annotator "Donev,I"]
[PlyCount "81"]
[EventDate "1997.10.19"]
[EventType "team-tourn"]
[EventRounds "9"]
[EventCountry "GER"]
[SourceTitle "CBM 063"]
[Source "ChessBase"]
[SourceDate "1998.03.26"]
[SourceVersion "1"]
[SourceVersionDate "1998.03.26"]
[SourceQuality "1"]
[WhiteTeam "Obernburg"]
[BlackTeam "Regensburg DJK II"]
[WhiteTeamCountry "GER"]
[BlackTeamCountry "GER"]

1. d4 d5 2. Nf3 Nf6 3. c4 e6 4. g3 Be7 5. Bg2 O-O 6. O-O dxc4 7. Qc2 a6 8. a4
Bd7 9. Qxc4 Bc6 10. Nc3 {Dieser auf den ersten Blick logische Zug ist ungenau,
den Schwarz energisch ausnützt.} {[%tqu "De","Was würden Sie spielen um die
Initiative zu bekommen?","","","b7b5","",4]} b5 $1 11. Qd3 {Weiß darf nicht
auf b5 schlagen weil er Material verlieren wird:} (11. axb5 $2 axb5 $19 {
[%cal Yb5c4,Ya8a1]}) {[%tqu "De","Wie geht weiter?","","","b5b4","",10]} 11...
b4 $1 {verdrängt den Springer auf der ersten Reihe.} 12. Nb1 Be4 {Räumt mit
Thempo die c-Linie um c7-c5 vorzubereiten.} 13. Qc4 Bd5 (13... Nc6 {[%cal
Yc6a5]} 14. a5 Bd5 15. Qd3 $8 $13) (13... Nbd7 14. Bg5 Nb6 15. Qc1 $11) 14. Qc2
(14. Qd3 c5 15. dxc5 Nbd7 $15 {/\Nc5}) {[%tqu "De","Wie kann Schwarz die
ungünstige Lage des weiße Dame benützen?","","","c7c5","",6]} 14... c5 $1 {
Einerseits löst Schwarz das Problem mit dem rückständigen c-Bauer,
andererseits wird später die c-Linie vom schwarzen Turm mit Thempo besetzt.}
15. dxc5 Nbd7 16. Bg5 {[%tqu "De","Wann und mit welche Figur muss den c5 Bauer
geschlagen werden?","","","a8c8","",5]} Rc8 $1 {Schwarz hat es nicht eilig mit
der Zurückeroberung des c-Bauern.} 17. Nbd2 {Beritet Nb3 vor.} {[%tqu "De","Es
ist höhste Zeit die c-Bauer zu schlagen.Aber wie?","","","c8c5","",5,"d7c5","",
0]} Rxc5 $1 $146 (17... Nxc5 18. Rfc1 Nb3 (18... Qb6 19. Qd1 Rfd8 20. Qe1 h6
21. Be3 $13 {Schinzel,W-Zaitsev,I/Graz 1979/EXT 97}) 19. Qxc8 Qxc8 20. Rxc8
Rxc8 21. Nxb3 Bxb3 22. Nd4 $11) 18. Qd3 {[%tqu "De","Nächte Zug ist sehr schön.
","","","d8a8","",8]} Qa8 $1 {[%cal Yf8d8,Yd8c8,Ya8d5,Yd5g2] Es hat mich immer
gefreut, wenn ich einen Zug finde bei dem es viele Aufgaben zu lösen gibt.
Jetzt steht die schwarze Dame perfekt! Einerseits deckt sie den a6 Bauer und
räumt die 8 Reihe für den Rf8. Andererseits übt sie starken Druck auf die
große Diagonale a8-h1aus!} 19. Be3 {[%tqu "De","Wo würden Sie mit dem Turm
abziehen?","","","c5c7","",5]} Rc7 $1 {Jetzt bleibt nur noch den anderen Turm
auf c8 zu stellen und dann hat Schwarz alle Figuren optimal plaziert.} 20. Rfc1
{In diesem Moment habe ich über folgendes nachgedacht: Es ist klar, daß hier
Rfc8 logisch ist, aber vielleicht gibt es noch etwas besseres? Ich habe tief
in die Stellung hineingerechnet und dafür über 30 Minuten Zeit verbraucht.
Dann habe ich gesehen das ich auch eine Leichtfigur auf die c-Linie stellen
kann um den Turmtausch zu vermeiden - naja der Ra1 steht viel schlechter als
mein Rf8. Leider konnte mein Gegner mit einigen genauen Zügen das Spiel
ausgleichen. Wenn man für eine Stellung zu viel Zeit verbraucht, bedeutet das
nicht immer, daß man die bessere Fortsetzung finden wird, sondern es besteht
auch die Gefahr, daß man in einem Variantenwust eine schwächere Variante wählt.
} Nc5 (20... Rfc8 $142 $1 {Nach diesem Zug könnte Schwarz seine
Eröffnungsinitiative in einem festen positionellen Vorteil behaupten.} 21. Nb3
(21. Rxc7 Rxc7 22. Ne1 $1 (22. Nb3 Be4 23. Qd1 (23. Qd2 Rc2) 23... Nd5 $1 $17 (
23... Bc2 24. Nfd4 $3 {[%cal Yd4c2,Yg2a8]})) 22... Ne5 23. Bxd5 Nxd5 $15) 21...
Be4 22. Ne1 (22. Qd1 Nd5 $1 $17) 22... Bxd3 (22... Ne5 23. Qd4 $15) 23. Bxa8
Bxe2 24. Bb7 Rxc1 25. Rxc1 Rxc1 26. Nxc1 Bd1 27. a5 Bd8 $17) 21. Bxc5 Bxc5 22.
Nb3 $1 Ne4 (22... Be4 23. Qd2 Rd8 24. Qe1 Qc8 25. Nxc5 Rxc5 26. Rxc5 Qxc5 27.
Rd1 Rc8 $13) (22... Bxb3 23. Qxb3 Rfc8 24. e3) 23. Nxc5 Nxc5 24. Qe3 Rfc8 {
Bis hierher habe ich gerechnet und dachte das Schwarz (Beherrschung der c
-Linie, Schwächen a4-Bauer und Feld b3) besser steht. Mit seinem nächsten Zug
vernichtet der Anziehende meine Hoffnungen.} 25. Ne1 $1 {Jetzt ist die
Stellung voll ausgeglichen.} h6 (25... a5 26. Rc4 Qa6 27. Bxd5 exd5 28. Rd4 Qe6
29. Qf3 Ne4 (29... Nxa4 30. Nd3 $1 (30. Rxa4 Rc1 31. Kf1 Qh3+ $1 $19) 30... Nc5
31. Rxd5 Nxd3 32. Qxd3 $14) 30. Rad1 Nf6 $15) 26. Rc4 Qb8 27. Bxd5 exd5 {
Für die restlichen 13 Züge (Die Kontrolle war 40 Züge für 2 Stunden) hatten
beide Seiten nur noch wenige Minuten. Das vermindert natürlich die Qualität
des Spiels.} 28. Rd4 Re8 (28... Qb7 29. Nd3 a5 $11) 29. Qf3 Rce7 30. Rxd5 Rxe2
31. Rxc5 Rxe1+ 32. Rxe1 Rxe1+ 33. Kg2 Qe8 34. Rc7 Re7 35. Qc6 (35. Rxe7 Qxe7
36. Qa8+ Kh7 37. Qxa6 Qe4+ 38. Kh3 Qf5+ (38... Qc2 39. Qb5 Qxb2 40. Qf5+ Kg8
41. Qc8+ $11) 39. Kg2 Qe4+ $11) 35... Qxc6+ 36. Rxc6 a5 37. Rc5 Re2 38. Rxa5
Rxb2 39. Rb5 Kf8 40. Rb7 b3 41. a5 {Eine sehr interressante Partie zum Thema
Eröffnungsinitiative.} 1/2-1/2

[Event "AUT-chT2 9697"]
[Site "Austria"]
[Date "1997.10.??"]
[Round "?"]
[White "Almasi, Istvan"]
[Black "Donev, Ivo Hristov"]
[Result "1/2-1/2"]
[WhiteElo "2425"]
[BlackElo "2400"]
[Annotator "Donev,I"]
[PlyCount "46"]
[EventDate "1996.??.??"]
[EventType "team"]
[EventRounds "9"]
[EventCountry "AUT"]
[SourceTitle "CBM 057 Extra"]
[Source "ChessBase"]
[SourceDate "1997.05.01"]
[SourceVersion "1"]
[SourceVersionDate "1997.05.01"]
[SourceQuality "1"]

1. d4 d5 2. c4 e6 3. Nf3 Nf6 4. g3 Be7 5. Bg2 O-O 6. O-O dxc4 7. Qc2 a6 8. Qxc4
b5 9. Qc2 Bb7 10. Bd2 {Der Läufer strebt nach a5, um das befreiende c7-c5 zu
verhindern.} Be4 11. Qc1 b4 {Mit diesem Zug wolte ich den Nb1 einschränken.
Dafür mußte ich jedoch mit der Schwächung des Feldes c4 bezahlen.} 12. Bg5 Nbd7
13. Nbd2 Bd5 14. Ne5 $1 {In der Praxis sind mehrere Fortsetzungen bekannt,
aber ich halte den Partiezug für das Beste. Weiß öffnet die Diagonale h1-a8
und will den Springer auf c6 gemütlich unterbringen.} (14. Nb3 c5 15. Nxc5 Rc8
16. Bxf6 Bxf6 $15) (14. Qc2 c5 $1 15. e4 Bb7 16. e5 Nd5 17. Bxe7 Qxe7 $15) {
Mein Gegner hatte ziemlich schnell die Eröffnung absolviert. Daraus war mir
klar, daß er diese Variante sehr gut kennt.} 14... Bxg2 $5 $146 {[%csl Ge5]
Bis zu diesem Zeitpunkt habe ich auch rasch gespielt. Jetzt war für mich die
Theorie zu Ende. Ich konnte mich kaum an die Partie Salov-Short erinnern, in
der der Nachziehende eine schwere Stellung verteidigen mußte. So war ich
gezwungen selbständig zu denken, und ich sollte über 30 Minuten überlegen, um
tief in die Stellung einzutauchen und den nächsten Zug zu finden. Mir war klar,
daß das Leitmotiv der schwarzen Verteidigung der Abtausch des weißfeldrigen
Läufers und der Vorstoß c7-c5 nebst Rc8 war. So sollte ich die schlechte Lage
der weiße Dame ausnutzen können.} (14... Nxe5 15. dxe5 Ng4 16. Bxe7 Qxe7 17.
Nf3 c5 18. h3 Nh6 19. Qc2 Rac8 20. e4 Bb7 21. Nd2 $14 {[%csl Rc4,Rh6] 1/2-1/2
Salov,V-Short,N/Amsterdam Euwe-mem 1989/CBM 12 (44)}) 15. Kxg2 {[%csl Rc6]} c5
$1 {Schwarz muß sich sofort des rückständigen c -Bauer entledigen, sonst
bleibt er nach Nc6 in einer schwierigen Lage.} (15... Nxe5 16. dxe5 Nd5 17.
Bxe7 Qxe7 18. Ne4 $14 {[%csl Rc5]}) 16. Nc6 (16. Nxd7 Nxd7 17. Bxe7 Qxe7 18.
dxc5 Rfc8 $15) 16... Qe8 $8 17. Bxf6 (17. Nxe7+ Qxe7 18. dxc5 Rfc8 (18... Rac8
19. Ne4 Nxc5 20. Nxf6+ gxf6 21. Bh6 Rfd8 22. Qf4 $1 $16) 19. Ne4 Nxc5 20. Nxf6+
gxf6 21. Bh6 $13) (17. e4 Rc8 18. Nxe7+ Qxe7 19. Bxf6 (19. e5 cxd4 20. Qe1 Qc5
$1 $17) 19... Nxf6 20. dxc5 Rxc5 $15) 17... Nxf6 $1 (17... Bxf6 18. Ne4 $1 Be7
(18... cxd4 19. Nd6 $18) 19. Nxc5 $16) (17... gxf6 18. Nxe7+ Qxe7 19. Qc4 cxd4
20. Qxd4 Ne5 $14) 18. Nxe7+ Qxe7 19. Qxc5 (19. dxc5 Rfc8 20. Nb3 a5 $1 21. c6 (
21. a4 bxa3 22. Rxa3 a4 23. Nd4 Rxc5 $15) 21... Qd6 22. Rd1 Qxc6+ 23. Qxc6 Rxc6
24. Nxa5 Rc2 $1 $11) 19... Qb7+ $1 20. Nf3 (20. f3 Rfc8 21. Qe5 Rc2 $44) 20...
Rfc8 21. Qe5 Rc2 22. Rfc1 Rac8 {Der Nachziehende hat für den geopferten die
einzige offene Linie bekommen. Dazu beherrscht er die 2. Reihe, und seine Dame
b7 ist sehr gut platziert. Mit zwei Worten: Schwarz hat ausreichend
Kompensation.} (22... Rxb2 23. d5 $18 {[%cal Ye5b2] Der schwarze Turm ist
gefangen.}) 23. Rxc2 Rxc2 (23... Rxc2 24. b3 h6 $11) 1/2-1/2

[Event "Bundesliga 9697"]
[Site "Germany"]
[Date "1996.??.??"]
[Round "?.5"]
[White "Schmidt, Peter"]
[Black "Donev, Ivo Hristov"]
[Result "1/2-1/2"]
[WhiteElo "2410"]
[BlackElo "2400"]
[Annotator "Donev,I"]
[PlyCount "116"]
[EventDate "1996.10.12"]
[EventType "team-tourn"]
[EventRounds "15"]
[EventCountry "GER"]
[SourceTitle "GER-chT"]
[Source "ChessBase"]
[SourceDate "1999.07.01"]
[SourceVersion "1"]
[SourceVersionDate "1999.07.01"]
[SourceQuality "1"]
[WhiteTeam "Passau"]
[BlackTeam "Eppingen"]
[WhiteTeamCountry "GER"]
[BlackTeamCountry "GER"]

1. Nf3 d5 2. d4 Nf6 3. c4 e6 4. g3 Be7 5. Bg2 O-O 6. O-O dxc4 7. Qc2 a6 8. Qxc4
b5 9. Qc2 Bb7 10. Bg5 Nbd7 11. Bxf6 Nxf6 12. Nbd2 Rc8 13. Nb3 Be4 14. Qc3 (14.
Qd2 c5 $10) 14... Nd5 15. Qa5 (15. Qd2 c5 16. dxc5 Bxc5 $10) 15... c6 $146 (
15... c5 16. Qxa6 Nb4 17. Qxb5 Rb8 18. Qa5 (18. Qc4 Bd5 19. Qc1 Nxa2 20. Rxa2
Bxb3 $10) 18... Qxa5 19. Nxa5 Nc2) (15... Nb4 16. a3 (16. Rfc1 Nc2 17. Rab1 c5
$15) 16... Nc6 17. Qc3 (17. Qxa6 $2 Qd5 $19) 17... Bf6 $10) 16. Qxd8 (16. Qxa6
Nb4 (16... Bxf3 17. Bxf3 Qd7 18. Rfc1 $16) 17. Qa5 Qd5 $15) 16... Rfxd8 17.
Rac1 f6 18. Ne1 Bg6 (18... Bxg2 19. Kxg2 Nb6 20. Nd3 Kf7 $14 (20... Na4 21. Rc2
$16)) 19. Na5 c5 20. dxc5 (20. Nb7 cxd4 $1 21. Nxd8 Rxc1 22. Nxe6 Nb6 23. Nxd4
Rb1 $1 $44) 20... Bxc5 (20... Rxc5 $142) 21. Nf3 (21. Nb7 Bb6 22. Nxd8 Rxc1 23.
Nxe6 Ne7 $44) 21... Bb6 22. Nc6 Rd6 {[#]} 23. Nfe5 $5 (23. Nfd4 Bxd4 24. Nxd4
Rxc1 25. Rxc1 Nb4 $10) 23... Kf8 24. e4 fxe5 25. exd5 e4 (25... exd5 $142 26.
Nxe5 Bf5 $1 $17) 26. Bh3 {[#] Mit dem Ziel, die kommende Zeintnot zu vermeiden,
habe ich in der Eile ganz den starken Zug 26...Be8 übersehen.} Bf5 (26... Be8
$142 $1 27. Bxe6 (27. Rfe1 Rc7 $19) 27... Rxe6 28. dxe6 Bxc6 $17) 27. Bxf5 exf5
28. Rcd1 Kf7 29. Kg2 Kf6 30. Rfe1 Re8 (30... Rc7 31. h4 Rcd7 32. Nb8 Rc7 33.
Nc6 $13) 31. Re2 g5 32. Rc2 f4 33. Kf1 a5 (33... Kf5 $15) 34. b4 a4 (34... axb4
$142 35. Nxb4 e3 36. fxe3 Rxe3 $15) 35. Rc5 $1 {Beide Seiten befinden sich in
große Zeitnot. Der Anziehende wählt eine in solchen Situation sehr unangenehme
Fortzetzung: ein positionelles Qualitätsopfer.} Bxc5 {Sonst geht der Bauer b5
verloren.} 36. bxc5 Rxc6 {Für diesen Zug habe ich mich gefühlsmäßig schnell
entschieden. Mir war klar, daß nach Weiß nach dem Rückzug des Rd6 37.Nb4
spielen würde, und dann sind die verbundenen Freibauern d5-c5 zu gefährlich.} (
36... Rd7 37. Nb4 $44) 37. dxc6 Rc8 (37... Re5 38. Rd6+ Ke7 (38... Kf5 39. c7
Rxc5 40. Rd5+ $18) 39. Rd7+ Ke6 $10) 38. Rd6+ Ke5 39. a3 Rc7 40. Ke2 Kf5 {
Endlich ist die Zeitnotphase überstanden.Beide Seiten haben exakt 120 Minuten
für die gespielten 40 Züge verbraucht.} 41. h3 Ke5 42. Kd2 e3+ 43. Ke2 exf2 44.
Kxf2 Ke4 45. gxf4 gxf4 46. h4 h5 47. Rh6 Ra7 (47... Kd4 48. Rxh5 Kc4 49. Kf3
Kb3 50. Kxf4 Kxa3 51. Ke5 b4 52. Kd6) 48. Rxh5 b4 49. axb4 a3 50. c7 (50. Rh8
a2 51. c7 a1=Q $19) 50... Rxc7 51. Rh8 Ra7 52. Re8+ Kd5 53. Re1 Kc4 54. Kf3
Kxb4 55. Kxf4 Rc7 (55... a2 56. Ra1 Kb3 57. c6 Kb2 58. Rxa2+ Kxa2 59. Ke5 Kb3
60. Kd6 Rh7 61. c7 Rh6+) 56. Re4+ Kb3 57. Re3+ Kb2 58. Re2+ Kb1 1/2-1/2

[Event "Nations Cup Online Prelim"]
[Site "Chess.com INT"]
[Date "2020.05.05"]
[Round "2.4"]
[White "Ju, Wenjun"]
[Black "Dzagnidze, Nana"]
[Result "1-0"]
[WhiteElo "2560"]
[BlackElo "2524"]
[Annotator "Edouard,R"]
[PlyCount "77"]
[EventDate "2020.05.05"]
[EventType "team-tourn"]
[EventRounds "10"]
[EventCountry "USA"]
[SourceTitle "CBM 196"]
[Source "ChessBase"]
[SourceDate "2020.06.30"]
[SourceVersion "1"]
[SourceVersionDate "2020.06.30"]
[SourceQuality "1"]
[WhiteTeam "China"]
[BlackTeam "Europe"]
[WhiteTeamCountry "CHN"]

{[%evp 0,77,14,19,39,7,0,-31,-37,-16,-11,3,8,21,11,-1,-2,-17,2,3,8,-3,12,1,-3,
-23,-3,24,33,19,20,-22,11,-6,22,-18,-21,34,115,50,62,53,59,66,137,108,134,123,
124,124,159,168,168,214,321,345,381,381,401,405,404,353,361,337,391,387,387,
398,399,415,437,400,469,468,870,679,1268,1190,29987,29988]} 1. d4 Nf6 2. c4 e6
3. g3 d5 4. Nf3 Be7 5. Bg2 O-O 6. O-O dxc4 7. Qc2 a6 8. a4 Bd7 9. Qxc4 Bc6 10.
Bg5 Bd5 11. Qc2 Be4 12. Qc1 (12. Qd1 c5 {is the other critical line. Obviously,
by playing 12.Qc1, White tries to prevent ...c5.}) 12... h6 13. Bxf6 Bxf6 14.
Rd1 $5 (14. Nc3 Bxf3 15. Bxf3 c6 16. e3 a5 $11) (14. Nbd2 $5 {has been
critical recently. However after} Bc6 $5 (14... Bxf3 15. Nxf3 a5 {is also
quite solid}) 15. Qc3 a5 16. Rfd1 Nd7 17. Nc4 Bd5 $1 18. Nxa5 c5 $1 {Black had
fine compensation in the game: Giri,A (2764)-Vachier Lagrave,M (2778) chess24.
com 2020, ½-½ (47).}) 14... Nc6 {A risky bet. After that, Black never had
time to play ...a5 in the game.} (14... a5 {is much more solid. White may
continue 15.Nbd2 or 15.Nc3, more or less forcing ...Bxf3. He's going to enjoy
a symbolic plus thanks to his space advantage, but Black remains very solid.})
15. Nbd2 (15. Nc3 $5) 15... Bh7 16. Nb3 {Later in the game, we will see that
this move turned out quite expensive for Black!} Nb4 $6 (16... Qe7 $142) 17.
Ne1 $6 (17. Qc4 $5 Nd5 (17... Qe7 18. Rdc1 c6 19. a5 Nd5 20. Nc5 $14) (17... a5
$6 18. Nxa5 $1 $16) 18. Ne5 $14) 17... c6 $6 (17... Rb8 $1 18. a5 b6 $132) 18.
a5 $1 {Black can't allow something like that!} Qe7 $6 {Not helping Black's
case.} 19. f4 $2 ({After} 19. e4 $1 {the b4-knight is in big trouble:} e5 20.
Ra4 $1 (20. Nc5 $5) 20... c5 (20... exd4 21. Nc5 $18) 21. Qxc5 Nc6 22. Qxe7
Bxe7 23. d5 $18) 19... g5 $2 20. e4 {Now it's time! The f6-bishop even
prevents Black from playing ...f5, in order to save the b4-knight (by freeing
the d5-square).} gxf4 21. gxf4 Rad8 $2 ({A better defence was} 21... Rfd8 22.
Qc3 b6 $1 23. axb6 Rab8 {and Black is still in the game.}) 22. Qc3 Kh8 23. Nc5
{And the b4-knight is lost!} Rg8 24. Kh1 ({Simplest, avoiding} 24. Qxb4 Bxe4 {
although it is not like Black would have serious compensation.}) 24... Nd5 25.
exd5 exd5 26. Nf3 Rxg2 27. Kxg2 Qe2+ 28. Kh1 Be4 29. Nxe4 dxe4 30. Ng1 Qf2 31.
Rf1 Qh4 32. Rad1 Qh5 33. Qe3 Re8 34. Ne2 Qxa5 35. Nc3 Qb4 36. Nxe4 c5 37. f5
Bg7 38. f6 Bf8 39. Rg1 1-0